LEADER 01000nam a2200253 u 4500 001 000000007243 003 CaOOAMICUS 005 20070226104949.0 008 941026s1959 it af u000 u ita u 035 $a10189001 040 $aPUL(R)$bita 100 1 $aBalducci, Corrado,$csac.$0(OLS)http://pul/name/7342 245 14$aGli indemoniati /$cCorrado Balducci. 260 $aRoma :$bColetti,$cc1959. 300 $axlviii, 590 p., 16 c. di tav. :$bill. ;$c25 cm 502 $aTesi (Diss.) - Pontificia Universitas Lateranensis. 504 $aBibliografia: p. [xiii]-xlv. 650 4$aDemonio e demonologia.$0(OLS)http://pul/subject/747 650 4$aMalattie mentali.$0(OLS)http://pul/subject/6491 850 $aPUL 852 $aPUL$W1$xDP2 Religione 1$y63$m65 M 11$j10206$nBK-PRI$qStampati$B10206$CPULBib$Z2$F10206 $H20101 $81 941 1 $a8 996 $6245$aGli indemoniati$9(OLS)http://pul/title/10639 996 $6260$aRoma :$bColetti$9(OLS)http://pul/publisher/47921 LEADER 01214naa a2200241 u 4500 001 000000096446 003 CaOOAMICUS 005 20070226130146.0 008 041013s1993 gw u000 u ger u 020 $a3777293210 035 $a11011421 040 $aIAR$bita 100 1 $aAnton, Hans Hubert.$0(OLS)http://pul/name/61474 245 10$aSynoden, Teilreichsepiskopat und die Herausbildung Lotharingiens (859-870) /$cHans Hubert Anton. 260 $aStuttart :$bHiersemann,$c1993. 300 $aS. 83-124 ;$c25 cm 651 4$aLorraine (ducato)$xStoria$ySec. IX.$0(OLS)http://pul/subject/30500 773 0 $aHerrschaft, Kirche, Kultur : Beoträge zur Geschichte des Mittelalters - Festschrift für Friedrich Prinz zu seinem 65. Geburtstag. 773 0 $tMonographien zur Geschichte des Mittelalters$gBd. 37 773 0 $tHerrschaft, Kirche, Kultur : Beiträge zur Geschichte des Mittelalters : Festschrift für Friedrich Prinz zu seinem 65. Geburtstag$w()17106 996 $6020$a3777293210$9(OLS)http://pul/number/21996 996 $6245$aSynoden, Teilreichsepiskopat und die Herausbildung Lotharingiens (859-870)$9(OLS)http://pul/title/123322 996 $6260$aStuttart :$bHiersemann$9(OLS)http://pul/publisher/55243